000 00740nam a2200229Ia 4500
008 191130s2009##################000#0#eng##
020 _a019852384X
022 _a96045586
040 _aACL
_cACL
082 _a302 HAR
100 _aHargreaves, David J
245 _aThe social psychology of music / edited by David J. Hargreaves and Adrian C. north
_cDavid J Hargreaves and Adrian C North
260 _aOxford ; New York
_c2009
300 _axv, 319 p. : ill. ; 24 cm
500 _aIncludes bibliographical references and indexes
650 _aMusic - Psychological aspects
650 _aMusic - Social aspects
700 _aNorth, Adrian C
990 _add3a63fcac10000c4ccce932e777fd66
991 _a10476
999 _c70507
_d70507